01371cam a2200265 a 450000500170000000800410001702000150005804000230007304100080009604400070010408200170011111100660012824502730019426000570046730000520052450400530057665000580062965000580068765000620074565000520080770000310085971000980089071100340098874000830102220160805104228.0050419s2004 ck a r 10110 spa d a9589728944 ala cladCO-BoIAVH0 aspa ack04a639.8bC65r 2 aCongreso Colombiano de Acuicultura d(2004 : cVillavicencio)10aRetos frente a la globalización de mercados / cMemorias II Congreso Colombiano de Acuicultura, X Jornada de Acuicultura IALL, Villavicencio, octubre 27 al 29 de 2004 ; editor Pedro René Eslava Mocha, Grupo de Investigación Acuicultura Universidad de los Llanos. aVillavicencio : bUniversidad de los Llanos, c2004. a159 páginas : bilustraciones ; c28 x 20 cm. aIncluye referencias bibliográficas e índice.26aAcuiculturazColombiavCongresos, conferencias, etc..26aMariculturazColombiavCongresos, conferencias, etc..26aGlobalizaciónzColombiavCongresos, conferencias, etc..26aPescazColombiavCongresos, conferencias, etc..1 aEslava Mocha, Pedro René2 aUniversidad de los Llanosc(Villavicencio). bGrupo de Investigación Acuicultura, eeditora2 aJornada de Acuicultura - IALL02aMemorias II Congreso Colombiano de Acuicultura, X Jornada de Acuicultura IALL.